Hóa học vô cơ

Nội dung sách gồm 3 phần: Phần 1/ đề cập chung của Hóa học Vô cơ như nguồn gốc các nguyên tố hoá học, những nét khái quát về sự phân bố các nguyên tố trên Trái Đất, những cơ sở của các phương pháp xác định cấu tạo phân tử của các c...

全面介绍

Đã lưu trong:
书目详细资料
主要作者: Vũ, Đăng Độ
格式: 图书
语言:Undetermined
出版: Hà Nội Giáo dục 2007
主题:
标签: 添加标签
没有标签, 成为第一个标记此记录!
Thư viện lưu trữ: Trung tâm Học liệu Trường Đại học Cần Thơ
LEADER 01474nam a2200205Ia 4500
001 CTU_132145
008 210402s9999 xx 000 0 und d
020 |c 53500 
082 |a 546 
082 |b Đ450/Q.1 
100 |a Vũ, Đăng Độ 
245 0 |a Hóa học vô cơ 
245 0 |c Vũ Đăng Độ, Triệu Thị Nguyệt 
260 |a Hà Nội 
260 |b Giáo dục 
260 |c 2007 
520 |a Nội dung sách gồm 3 phần: Phần 1/ đề cập chung của Hóa học Vô cơ như nguồn gốc các nguyên tố hoá học, những nét khái quát về sự phân bố các nguyên tố trên Trái Đất, những cơ sở của các phương pháp xác định cấu tạo phân tử của các chất, trong đó cái nền chung là lý thuyết về sự đối xứng của các phân tử, sau đó trình bày những cơ sở lý thuyết của một số phương pháp vật lý được sử dụng phổ biến trong hoá học vô cơ hiện đại. Phần 2/ Đề cập đến hoá học các nguyên tố s và p hay các nguyên tố nhóm A. Phần 3/ Đề cập đến hoá học các nguyên tố d (nhóm B) và f. 
650 |a Hóa vô cơ,Chemistry, organic 
904 |i Quang Hiếu 
980 |a Trung tâm Học liệu Trường Đại học Cần Thơ